Regulations threaten woodlands (Record no. 69523)
[ view plain ]
| 000 -LEADER | |
|---|---|
| fixed length control field | 01106cam a2200241 4500 |
| 001 - CONTROL NUMBER | |
| control field | WB3806-17 |
| 008 - FIXED-LENGTH DATA ELEMENTS--GENERAL INFORMATION | |
| fixed length control field | 020213n2002 000 0 eng u |
| 035 ## - SYSTEM CONTROL NUMBER | |
| System control number | (Sirsi) u116720 |
| 245 ## - TITLE STATEMENT | |
| Title | Regulations threaten woodlands |
| 260 ## - PUBLICATION, DISTRIBUTION, ETC. | |
| Date of publication, distribution, etc. | 2002 |
| 490 ## - SERIES STATEMENT | |
| Series statement | Woodland Trust Press Release |
| Volume/sequential designation | 5 February 2002, (4) |
| 520 ## - SUMMARY, ETC. | |
| Summary, etc. | The Woodland Trust and WWF have published a report on the state of Britain's ancient woodlands and the insufficient protection afforded by planning regulations. "Development threats to ancient woodlands" is the first attempt to get accurate national data on how much ancient woodland is being lost to, or is currently threatened by, development. The report focuses on four different areas of Britain, to illustrate what is happening. http://www.woodland-trust.org.uk/whatsnew/pressfirst.asp? |
| 590 ## - LOCAL NOTE (RLIN) | |
| Local note | WB |
| 650 ## - SUBJECT ADDED ENTRY--TOPICAL TERM | |
| Topical term or geographic name entry element | DEVELOPMENT |
| 650 ## - SUBJECT ADDED ENTRY--TOPICAL TERM | |
| Topical term or geographic name entry element | WOODLANDS |
| 650 ## - SUBJECT ADDED ENTRY--TOPICAL TERM | |
| Topical term or geographic name entry element | PRESERVATION |
| 650 ## - SUBJECT ADDED ENTRY--TOPICAL TERM | |
| Topical term or geographic name entry element | PLANNING SYSTEM |
| 650 ## - SUBJECT ADDED ENTRY--TOPICAL TERM | |
| Topical term or geographic name entry element | WOODLAND TRUST |
| 650 ## - SUBJECT ADDED ENTRY--TOPICAL TERM | |
| Topical term or geographic name entry element | WORLD WIDE FUND FOR NATURE |
| 650 ## - SUBJECT ADDED ENTRY--TOPICAL TERM | |
| Topical term or geographic name entry element | WALES |
| 690 ## - LOCAL SUBJECT ADDED ENTRY--TOPICAL TERM (OCLC, RLIN) | |
| Topical term or geographic name as entry element | ENVIRONMENTAL AND LAND CONSULTANCY |
| 942 ## - ADDED ENTRY ELEMENTS (KOHA) | |
| Suppress in OPAC | 0 |
| Withdrawn status | Lost status | Source of classification or shelving scheme | Damaged status | Not for loan | Home library | Current library | Shelving location | Date acquired | Total Checkouts | Full call number | Barcode | Date last seen | Copy number | Price effective from | Koha item type |
|---|---|---|---|---|---|---|---|---|---|---|---|---|---|---|---|
| Dewey Decimal Classification | London | London | News article | 13/02/2002 | WB3806-17 | 116720-1001 | 06/08/2019 | 1 | 06/08/2019 | News article |